zpět

Detail výsledku týmu

Tipgames Bar, Bruntál

Datum a čas kvízu

33 Celkem bodů Celkový počet nahraných bodů na tomto kvízu bez doplňovacích otázek.
4. Pořadí na kvízu Konečné umístění týmu na tomto kvízu.

Zaznamenané odpovědi

# Otázka Odpověď Body Výsledky
1. Minulý týden překročila hranic... Dan Přibáň, Mongolsko 0
2. Nevšední hříšník uvízl v pondě... C) holub 1
3. Ve zprávách se minulý týden ob... Čečensko 0
4. Patříte-li mezi zákazníky inte... fialová 0
5. MMA zápasník Jiří Procházka si... Las Vegas, Aleksandar Rakić 1
6. V pěti otázkách tohoto tématu... kámen 1
7. Jaká je denní dávka kuchyňské... B 1
8. Jak se nazývá původem japonská... C) gomasio 0
9. Jak zní obchodní název takzvan... Praganda 1
10. Jeden z nejznámějších a nejsta... D) Wieliczka 1